| 000 | 00427nam a2200157Ia 4500 | ||
|---|---|---|---|
| 003 | GCL | ||
| 008 | 140319s9999 xx 000 0 eng d | ||
| 040 |
_aGCL / _cGCL |
||
| 082 | 0 | 4 |
_aCC _b724.91 _bG C |
| 100 | 1 | _aGLUSBERG, JORGE | |
| 245 | 1 | 0 |
_aCAIRO INTERNATIONAL EXHIBITION / _cGLUSBERG, JORGE |
| 260 |
_a[S.N] : _bARCHITECTUAL DESIGN PROGILE ، _c1984 |
||
| 650 | 0 | 4 | _aARCHITECTURE |
| 650 | 0 | 4 | _aEXHIBITION |
| 942 |
_2ddc _cBK |
||
| 999 |
_c14607 _d14607 |
||